[Event "Portoroz op 14th"]
[Site "Portoroz"]
[Date "2023.07.18"]
[Round "5"]
[White "Marinko, Peter"]
[Black "Cimperman, Teo"]
[Result "1-0"]
[WhiteElo "2063"]
[BlackElo "1683"]
[PlyCount "93"]
[EventDate "2023.07.15"]
[EventType "swiss"]
[EventRounds "9"]
[EventCountry "SLO"]
[SourceTitle "CBM 215 Extra"]
[Source "ChessBase"]
[SourceDate "2023.09.30"]
[SourceVersion "1"]
[SourceVersionDate "2023.09.30"]
[SourceQuality "1"]

1. d4 Nf6 2. Bg5 g6 3. Bxf6 exf6 4. e3 d5 5. c4 c6 6. Nc3 Be6 7. cxd5 cxd5 8. Qb3 Qd7 9. g3 Nc6 10. a3 f5 11. Nf3 f6 12. h4 h5 13. Bg2 Be7 14. Nd2 Rd8 15. Qa4 a6 16. b4 0-0 17. Qc2 Rc8 18. Qb2 b5 19. Nb3 Rc7 20. Nc5 Bxc5 21. bxc5 Rb7 22. Ne2 Na5 23. Nf4 Nc4 24. Qe2 Bf7 25. Bf3 a5 26. 0-0 Kg7 27. Rfc1 Rbb8 28. Qe1 Rfe8 29. Qe2 Rh8 30. a4 b4 31. Nxd5 Bxd5 32. Bxd5 b3 33. Qxc4 b2 34. c6 bxc1Q+ 35. Rxc1 Qc7 36. Be6 Rhd8 37. Bd7 Rb4 38. Qc5 Rxa4 39. Qe7+ Kh6 40. d5 Re4 41. Qxf6 Rxd7 42. cxd7 Qxd7 43. Rc6 Qe8 44. Qg5+ Kh7 45. Rc7+ Kg8 46. Qf6 Qf8 47. Qxg6+ 1-0

[Event "Portoroz op 14th"]
[Site "Portoroz"]
[Date "2023.07.16"]
[Round "2"]
[White "Lukas Oven, Leonard"]
[Black "Cimperman, Teo"]
[Result "0-1"]
[WhiteElo "1138"]
[BlackElo "1683"]
[PlyCount "46"]
[EventDate "2023.07.15"]
[EventType "swiss"]
[EventRounds "9"]
[EventCountry "SLO"]
[SourceTitle "CBM 215 Extra"]
[Source "ChessBase"]
[SourceDate "2023.09.30"]
[SourceVersion "1"]
[SourceVersionDate "2023.09.30"]
[SourceQuality "1"]

1. e4 c5 2. Nc3 Nc6 3. g3 g6 4. Bg2 Bg7 5. f4 d6 6. Nf3 Bg4 7. 0-0 Nd4 8. d3 Qd7 9. Be3 h5 10. h4 Nh6 11. Rb1 Bxf3 12. Bxf3 Qh3 13. Bf2 Ng4 14. Bxg4 hxg4 15. Be1 Nf3+ 16. Rxf3 gxf3 17. Qxf3 Rxh4 18. Qg2 Bd4+ 19. Bf2 Bxf2+ 20. Kxf2 Qxg2+ 21. Kxg2 Rh7 22. Nd5 Kd7 23. g4 Rah8 0-1

[Event "SLO-ch 33rd"]
[Site "Radenci"]
[Date "2023.04.28"]
[Round "5"]
[White "Mohr, Pablo"]
[Black "Cimperman, Teo"]
[Result "0-1"]
[WhiteElo "1739"]
[BlackElo "1603"]
[PlyCount "90"]
[EventDate "2023.04.25"]
[EventType "team-match"]
[EventRounds "9"]
[EventCountry "SLO"]
[SourceTitle "CBM 214 Extra"]
[Source "ChessBase"]
[SourceDate "2023.07.31"]
[SourceVersion "1"]
[SourceVersionDate "2023.07.31"]
[SourceQuality "1"]

1. e4 c5 2. Nc3 Nc6 3. g3 g6 4. Bg2 Bg7 5. d3 d6 6. Be3 Nf6 7. h3 Bd7 8. f4 Rb8 9. Nf3 Qc7 10. 0-0 b5 11. Qd2 b4 12. Nd1 h5 13. Nh4 Bh6 14. f5 Bxe3+ 15. Qxe3 Ne5 16. fxg6 fxg6 17. Qg5 Rg8 18. Ne3 Nf7 19. Nd5 Nxg5 20. Nxc7+ Kd8 21. Nd5 Nxd5 22. exd5 Nxh3+ 23. Bxh3 Bxh3 24. Rf7 Ke8 25. Rh7 Kd7 26. a3 Rb7 27. Rh6 g5 28. Nf3 Bg4 29. Nh2 b3 30. Nxg4 hxg4 31. c4 Rf8 32. Rd1 Rbb8 33. Rh5 Rf5 34. d4 Rbf8 35. dxc5 dxc5 36. Rd2 Rf1+ 37. Kg2 Rc1 38. Rh1 Rxc4 39. Rhd1 Re4 40. Rd3 Re2+ 41. Kg1 Rxb2 42. d6 e6 43. Rc3 Rf5 44. a4 a6 45. a5 Rd5 0-1

[Event "Ljubljana-chT 75th"]
[Site "Ljubljana"]
[Date "2023.03.02"]
[Round "6.2"]
[White "Cimperman, Teo"]
[Black "Praznik, Anton"]
[Result "0-1"]
[WhiteElo "1532"]
[BlackElo "2078"]
[PlyCount "52"]
[EventDate "2023.01.12"]
[EventType "team-swiss"]
[EventRounds "9"]
[EventCountry "SLO"]
[SourceTitle "EXT 2024"]
[Source "ChessBase"]
[SourceDate "2023.10.10"]
[SourceVersion "1"]
[SourceVersionDate "2023.10.10"]
[SourceQuality "1"]
[WhiteTeam "Komenda Pogi"]
[BlackTeam "Vrhnika"]
[WhiteTeamCountry "SLO"]
[BlackTeamCountry "SLO"]

1. e4 d6 2. d4 Nf6 3. Nc3 g6 4. Nf3 Bg7 5. Be3 0-0 6. Bc4 Nxe4 7. Nxe4 d5 8. Bxd5 Qxd5 9. Nc3 Qh5 10. Ne2 Bg4 11. Ng3 Bxf3 12. gxf3 Qb5 13. b3 Qb4+ 14. Qd2 Qxd2+ 15. Kxd2 Rd8 16. c3 c5 17. Ne2 Nc6 18. Kd3 cxd4 19. cxd4 e5 20. d5 Rxd5+ 21. Kc4 Rad8 22. Nc3 Rd4+ 23. Bxd4 Rxd4+ 24. Kb5 Rb4+ 25. Kc5 Bf8+ 26. Kd5 Rd4# 0-1

[Event "SLO-chT2 West"]
[Site "Komenda"]
[Date "2022.11.26"]
[Round "6.1"]
[White "Cimperman, Teo"]
[Black "Susnik, Matej"]
[Result "0-1"]
[WhiteElo "1433"]
[BlackElo "2017"]
[PlyCount "86"]
[EventDate "2022.11.19"]
[EventType "team-tourn"]
[EventRounds "7"]
[EventCountry "SLO"]
[SourceTitle "EXT 2024"]
[Source "ChessBase"]
[SourceDate "2023.10.10"]
[SourceVersion "1"]
[SourceVersionDate "2023.10.10"]
[SourceQuality "1"]
[WhiteTeam "Komenda SK II"]
[BlackTeam "Kranj Tomo Zupan II"]
[WhiteTeamCountry "SLO"]
[BlackTeamCountry "SLO"]

1. e4 c5 2. Nf3 e6 3. d4 cxd4 4. Nxd4 a6 5. c4 Nf6 6. Nc3 Qc7 7. Be3 d6 8. f3 Nbd7 9. Be2 Be7 10. Qd2 0-0 11. 0-0 b6 12. Rac1 Bb7 13. a3 Rac8 14. Na2 Qb8 15. Rc2 Rfe8 16. b4 d5 17. exd5 exd5 18. Nf5 Bf8 19. Bf4 Rxe2 20. Qd4 Qxf4 21. Qxf4 Rxc2 22. Qg5 g6 23. Nc1 dxc4 24. Re1 c3 25. Nd3 Rd2 26. Nf2 Rd5 27. Nh6+ Bxh6 28. Qxh6 c2 29. Qc1 Re5 30. Nd3 Rxe1+ 31. Qxe1 Bd5 32. Nc1 Be6 33. Qd2 h5 34. Qe2 b5 35. Qd2 Bf5 36. Qd4 Re8 37. Kf2 Re5 38. Qa7 Rd5 39. Qxa6 Rd2+ 40. Kg3 Rd1 41. Ne2 Re1 42. Qc8+ Kg7 43. Kf2 Ne5 0-1

[Event "SLO-chT2 West"]
[Site "Komenda"]
[Date "2022.11.26"]
[Round "5.1"]
[White "Novak, Robert"]
[Black "Cimperman, Teo"]
[Result "1/2-1/2"]
[WhiteElo "1689"]
[BlackElo "1433"]
[PlyCount "97"]
[EventDate "2022.11.19"]
[EventType "team-tourn"]
[EventRounds "7"]
[EventCountry "SLO"]
[SourceTitle "EXT 2024"]
[Source "ChessBase"]
[SourceDate "2023.10.10"]
[SourceVersion "1"]
[SourceVersionDate "2023.10.10"]
[SourceQuality "1"]
[WhiteTeam "Vrhnika II"]
[BlackTeam "Komenda SK II"]
[WhiteTeamCountry "SLO"]
[BlackTeamCountry "SLO"]

1. d4 Nf6 2. c4 g6 3. Nf3 Bg7 4. g3 0-0 5. Nc3 d6 6. Bg2 Nc6 7. 0-0 Bf5 8. Nh4 Qd7 9. Nxf5 Qxf5 10. e4 Qd7 11. h3 e5 12. Be3 Rfe8 13. d5 Na5 14. Qd3 b6 15. b4 Nb7 16. Rab1 a5 17. b5 Nc5 18. Bxc5 dxc5 19. Qe3 h5 20. Kh2 Kh7 21. Ne2 Bh6 22. Qf3 Kg7 23. Qd3 Rh8 24. f4 Rae8 25. fxe5 Rxe5 26. Rf2 Nh7 27. Rbf1 f6 28. Nf4 Bxf4 29. Rxf4 g5 30. Rf5 Rxf5 31. Rxf5 Re8 32. Bf3 Qf7 33. Qe2 Kh6 34. e5 Qg6 35. Qe4 fxe5 36. Be2 Nf6 37. Qf3 e4 38. Qf1 Kg7 39. Qf2 Nd7 40. h4 Re5 41. Rxe5 Nxe5 42. Qe3 gxh4 43. gxh4 Ng4+ 44. Bxg4 Qxg4 45. Qg3 Qxg3+ 46. Kxg3 Kf6 47. Kf4 e3 48. Kxe3 Ke5 49. a4 1/2-1/2

[Event "SLO-chT2 West"]
[Site "Komenda"]
[Date "2022.11.19"]
[Round "1.1"]
[White "Cimperman, Teo"]
[Black "Mencinger, Vojko"]
[Result "0-1"]
[WhiteElo "1433"]
[BlackElo "2327"]
[PlyCount "98"]
[EventDate "2022.11.19"]
[EventType "team-tourn"]
[EventRounds "7"]
[EventCountry "SLO"]
[SourceTitle "EXT 2024"]
[Source "ChessBase"]
[SourceDate "2023.10.10"]
[SourceVersion "1"]
[SourceVersionDate "2023.10.10"]
[SourceQuality "1"]
[WhiteTeam "Komenda SK II"]
[BlackTeam "Gorenjka Lesce"]
[WhiteTeamCountry "SLO"]
[BlackTeamCountry "SLO"]

1. e4 c5 2. Nf3 a6 3. d4 cxd4 4. Nxd4 e5 5. Nf3 Nf6 6. Nc3 Bb4 7. Bd2 d6 8. Bd3 0-0 9. h3 Nbd7 10. a3 Bxc3 11. Bxc3 Nc5 12. Qe2 Na4 13. Bc4 Nxc3 14. bxc3 Qc7 15. Qd3 b5 16. Bb3 Bb7 17. Nd2 Rac8 18. c4 Nxe4 19. Nxe4 bxc4 20. Bxc4 Bxe4 21. Qxe4 Qxc4 22. Qxc4 Rxc4 23. 0-0-0 Rd8 24. Rd2 d5 25. Re1 f6 26. Re3 Rd6 27. Rb3 Rc7 28. Kb2 Kf7 29. Rdd3 e4 30. Rd4 Ke6 31. Rdb4 d4 32. Rb7 Rxb7 33. Rxb7 d3 34. cxd3 Rxd3 35. Rxg7 Rd2+ 36. Kc3 Rxf2 37. Kd4 f5 38. Rxh7 Rd2+ 39. Ke3 Rxg2 40. a4 Rg3+ 41. Kf2 Ra3 42. Rh6+ Ke5 43. Rxa6 Kf4 44. Rg6 Ra2+ 45. Kg1 Kf3 46. Rc6 Ra1+ 47. Kh2 e3 48. Rc3 Rxa4 49. Rc2 Rd4 0-1

[Event "SLO-ch 32nd"]
[Site "Radenci"]
[Date "2022.07.10"]
[Round "9"]
[White "Cimperman, Teo"]
[Black "Mohar, Martin"]
[Result "1/2-1/2"]
[WhiteElo "1496"]
[BlackElo "1745"]
[PlyCount "54"]
[EventDate "2022.07.03"]
[EventType "swiss"]
[EventRounds "9"]
[EventCountry "SLO"]
[SourceTitle "EXT 2023"]
[Source "ChessBase"]
[SourceDate "2022.10.05"]
[SourceVersion "1"]
[SourceVersionDate "2022.10.05"]
[SourceQuality "1"]

1. e4 c5 2. Nf3 Nc6 3. d4 cxd4 4. Nxd4 Nf6 5. Nc3 e5 6. Ndb5 d6 7. Bg5 a6 8. Na3 b5 9. Nd5 Be7 10. Bxf6 Bxf6 11. c4 b4 12. Nc2 a5 13. Be2 0-0 14. 0-0 Bg5 15. Bg4 Bb7 16. Qf3 Ne7 17. Nce3 Nxd5 18. cxd5 g6 19. Rac1 Ba6 20. Rfd1 Bb5 21. Rd2 Qb6 22. Rdc2 Ba4 23. Rc4 Bb5 24. R4c2 Ba4 25. Rc4 Bb5 26. R4c2 Ba4 27. Rc4 Bb5 1/2-1/2

[Event "SLO-ch 32nd"]
[Site "Radenci"]
[Date "2022.07.08"]
[Round "7"]
[White "Rozmanec, Pia"]
[Black "Cimperman, Teo"]
[Result "1-0"]
[WhiteElo "1642"]
[BlackElo "1496"]
[PlyCount "157"]
[EventDate "2022.07.03"]
[EventType "swiss"]
[EventRounds "9"]
[EventCountry "SLO"]
[SourceTitle "EXT 2023"]
[Source "ChessBase"]
[SourceDate "2022.10.05"]
[SourceVersion "1"]
[SourceVersionDate "2022.10.05"]
[SourceQuality "1"]

1. e4 c5 2. Nf3 Nc6 3. d4 cxd4 4. Nxd4 g6 5. c4 Bg7 6. Be3 Nf6 7. Nc3 0-0 8. Be2 d6 9. 0-0 Bd7 10. f3 Nxd4 11. Bxd4 a5 12. Qd2 Bc6 13. Kh1 Nd7 14. Bxg7 Kxg7 15. f4 Nc5 16. Bf3 Qd7 17. Nd5 Bxd5 18. Qxd5 b5 19. Rad1 Rac8 20. e5 bxc4 21. Qxc4 Rfd8 22. exd6 exd6 23. Qc3+ Kg8 24. Qxa5 Qf5 25. b4 Ne6 26. Qxf5 gxf5 27. Bd5 Rc2 28. Bb3 Re2 29. g3 Rb8 30. a3 Ra8 31. a4 Rb8 32. b5 Nc5 33. Bd5 Nxa4 34. Bc6 Nc3 35. Rd3 Ne4 36. Kg1 Kg7 37. Rd5 Kf6 38. Bd7 Rg8 39. Rf3 Re1+ 40. Kg2 Re2+ 41. Kh3 Rg6 42. Rxf5+ Ke7 43. Bc6 Rh6+ 44. Kg4 Nf6+ 45. Rxf6 Rxf6 46. f5 Rh6 47. h4 d5 48. Bxd5 Rd6 49. Bc6 Re5 50. Kh5 Kf6 51. g4 Kg7 52. g5 h6 53. Rf4 Re2 54. Rb4 hxg5 55. Kxg5 Rd8 56. f6+ Kf8 57. b6 Re5+ 58. Kf4 Re6 59. Be4 Rxf6+ 60. Kg5 Re6 61. b7 Rb8 62. Bf5 Rc6 63. Rb5 Kg7 64. Be4 Re6 65. Kf4 Rf6+ 66. Ke3 Rd6 67. Rg5+ Kf6 68. Kf4 Rd4 69. Rf5+ Ke6 70. Rb5 Kf6 71. Rb6+ Kg7 72. Ke5 Rd1 73. h5 Re8+ 74. Kf4 Rd4 75. h6+ Kh8 76. b8Q Rdxe4+ 77. Kf5 Re1 78. Qf4 Rd1 79. Rd6 1-0

[Event "SLO-ch 32nd"]
[Site "Radenci"]
[Date "2022.07.05"]
[Round "4"]
[White "Cimperman, Teo"]
[Black "Urbanc, Suzana"]
[Result "1-0"]
[WhiteElo "1496"]
[BlackElo "1696"]
[PlyCount "97"]
[EventDate "2022.07.03"]
[EventType "swiss"]
[EventRounds "9"]
[EventCountry "SLO"]
[SourceTitle "EXT 2023"]
[Source "ChessBase"]
[SourceDate "2022.10.05"]
[SourceVersion "1"]
[SourceVersionDate "2022.10.05"]
[SourceQuality "1"]

1. e4 Nf6 2. e5 Nd5 3. d4 d6 4. c4 Nb6 5. exd6 cxd6 6. Nc3 g6 7. Be3 Bg7 8. Rc1 0-0 9. b3 Nc6 10. d5 Ne5 11. Be2 f5 12. Nh3 Nbd7 13. f4 Nf7 14. 0-0 h6 15. Rf3 b6 16. Rg3 Nh8 17. Nb5 Nf6 18. Bf3 Bd7 19. Nd4 Ng4 20. Nc2 Nxe3 21. Nxe3 Qc7 22. Qd3 Qc5 23. Kh1 g5 24. fxg5 Be5 25. gxh6+ Bxg3 26. hxg3 Rf6 27. Re1 Raf8 28. h7+ Kg7 29. b4 Qc8 30. Qd4 Kxh7 31. Qh4+ Kg8 32. Ng5 R8f7 33. Nxf7 Nxf7 34. Kg1 Qa6 35. Re2 Qa3 36. Nc2 Qc1+ 37. Ne1 e5 38. Qxf6 Qxc4 39. Bh5 Qxd5 40. Bxf7+ Qxf7 41. Qxf7+ Kxf7 42. Rc2 a5 43. bxa5 bxa5 44. Rc7 Ke6 45. Nf3 d5 46. Nxe5 Bb5 47. Nf3 Kd6 48. Rf7 Bd3 49. Ra7 1-0

[Event "Ljubljana-chT 74th"]
[Site "Ljubljana"]
[Date "2022.03.10"]
[Round "8.2"]
[White "Cimperman, Teo"]
[Black "Skok, Boris"]
[Result "0-1"]
[WhiteElo "1510"]
[BlackElo "1898"]
[PlyCount "86"]
[EventDate "2022.01.13"]
[EventType "team-swiss"]
[EventRounds "9"]
[EventCountry "SLO"]
[SourceTitle "EXT 2024"]
[Source "ChessBase"]
[SourceDate "2023.10.10"]
[SourceVersion "1"]
[SourceVersionDate "2023.10.10"]
[SourceQuality "1"]
[WhiteTeam "Komenda Pogi"]
[BlackTeam "Crni Graben"]
[WhiteTeamCountry "SLO"]
[BlackTeamCountry "SLO"]

1. e4 c5 2. Nf3 e6 3. d4 cxd4 4. Nxd4 Nc6 5. Nc3 Qc7 6. Be3 a6 7. Qd2 Nf6 8. Be2 Bb4 9. Bf3 Ne5 10. Bf4 b5 11. 0-0-0 Bb7 12. Rhe1 Rc8 13. Re3 d6 14. Bxe5 dxe5 15. Nde2 0-0 16. Ng3 Rfd8 17. Qe2 Bc5 18. Red3 Bd4 19. Qd2 Re8 20. h4 Bc6 21. a3 Qb6 22. Rf1 a5 23. Na2 b4 24. axb4 Bb5 25. bxa5 Qa7 26. Be2 Bxd3 27. Bxd3 h6 28. Nh1 Red8 29. Kb1 Rb8 30. b3 Qc5 31. b4 Qxa5 32. c3 Ba7 33. Qc2 Qc7 34. Ng3 Ng4 35. Be2 Nxf2 36. Bh5 g6 37. Rxf2 Bxf2 38. Qxf2 gxh5 39. Nxh5 Qd6 40. Qg3+ Kf8 41. Qg7+ Ke8 42. Nf6+ Ke7 43. Qxh6 Qd3+ 0-1

[Event "Ljubljana-chT 74th"]
[Site "Ljubljana"]
[Date "2022.03.03"]
[Round "7.2"]
[White "Veskovic, Dzemal"]
[Black "Cimperman, Teo"]
[Result "1-0"]
[WhiteElo "1882"]
[BlackElo "1510"]
[PlyCount "83"]
[EventDate "2022.01.13"]
[EventType "team-swiss"]
[EventRounds "9"]
[EventCountry "SLO"]
[SourceTitle "EXT 2024"]
[Source "ChessBase"]
[SourceDate "2023.10.10"]
[SourceVersion "1"]
[SourceVersionDate "2023.10.10"]
[SourceQuality "1"]
[WhiteTeam "Menges Trzin"]
[BlackTeam "Komenda Pogi"]
[WhiteTeamCountry "SLO"]
[BlackTeamCountry "SLO"]

1. e4 c5 2. Nc3 Nc6 3. Nf3 g6 4. d4 cxd4 5. Nxd4 Bg7 6. Be3 Nf6 7. Nxc6 bxc6 8. Bd3 d5 9. exd5 cxd5 10. Bb5+ Bd7 11. Bxd7+ Qxd7 12. 0-0 0-0 13. Bd4 Rfe8 14. Bxf6 Bxf6 15. Nxd5 Bxb2 16. Nf6+ exf6 17. Qxd7 Bxa1 18. Rxa1 Re2 19. Qc6 Rae8 20. g3 Kg7 21. Rd1 R8e6 22. Qc3 R6e4 23. Rd6 Re5 24. Rxf6 Kxf6 25. f4 Re1+ 26. Kg2 R1e2+ 27. Kh3 g5 28. fxe5+ Rxe5 29. g4 Ke6 30. Qc6+ Ke7 31. Qc7+ Kf6 32. a4 Re3+ 33. Kg2 Re4 34. h3 Rf4 35. Qxa7 Kg6 36. Qa6+ Rf6 37. Qd3+ Kg7 38. a5 Re6 39. a6 Re7 40. a7 Re8 41. Qf3 Rc8 42. a8Q 1-0

[Event "Ljubljana-chT 74th"]
[Site "Ljubljana"]
[Date "2022.02.17"]
[Round "6.2"]
[White "Cimperman, Teo"]
[Black "Borstar, Dusan"]
[Result "1-0"]
[WhiteElo "1510"]
[BlackElo "1681"]
[PlyCount "113"]
[EventDate "2022.01.13"]
[EventType "team-swiss"]
[EventRounds "9"]
[EventCountry "SLO"]
[SourceTitle "EXT 2024"]
[Source "ChessBase"]
[SourceDate "2023.10.10"]
[SourceVersion "1"]
[SourceVersionDate "2023.10.10"]
[SourceQuality "1"]
[WhiteTeam "Komenda Pogi"]
[BlackTeam "Ljubljana SK"]
[WhiteTeamCountry "SLO"]
[BlackTeamCountry "SLO"]

1. e4 c5 2. Nf3 d6 3. d4 cxd4 4. Nxd4 Nf6 5. Nc3 a6 6. Rg1 b5 7. a3 Bb7 8. f3 Qc7 9. Be3 e6 10. g4 h6 11. h4 g6 12. Qd2 Nbd7 13. 0-0-0 Ne5 14. g5 hxg5 15. hxg5 Nfd7 16. f4 Nc4 17. Bxc4 Qxc4 18. f5 Rc8 19. fxe6 fxe6 20. Rdf1 Bg7 21. Nce2 Bxe4 22. b3 Qc5 23. Rg4 Qxa3+ 24. Kd1 Bf5 25. Nxf5 gxf5 26. Rg2 Ke7 27. Nf4 Kf7 28. g6+ Ke7 29. Re1 Qa1+ 30. Ke2 Qc3 31. Qxc3 Rxc3 32. Kd2 Rc6 33. Kd1 Ne5 34. Ne2 Ng4 35. Bg5+ Bf6 36. Bxf6+ Kxf6 37. Nd4 Rb6 38. Rxe6+ Kg5 39. Ke2 Rg8 40. Nf3+ Kf4 41. Nd4 a5 42. Re7 Rxg6 43. Ne6+ Rxe6+ 44. Rxe6 a4 45. Rg1 Rc6 46. Kd2 axb3 47. cxb3 b4 48. Rf1+ Kg5 49. Rf3 Ne5 50. Re3 f4 51. R3xe5+ dxe5 52. Rxc6 Kg4 53. Rc4 Kf3 54. Rxb4 e4 55. Ke1 e3 56. Rb7 Ke4 57. b4 1-0

[Event "SLO-chT Central 22nd"]
[Site "Slovenia"]
[Date "2021.10.28"]
[Round "7.2"]
[White "Cimperman, Teo"]
[Black "Skok, Boris"]
[Result "0-1"]
[WhiteElo "1623"]
[BlackElo "1889"]
[PlyCount "66"]
[EventDate "2021.09.16"]
[EventType "team-tourn"]
[EventRounds "7"]
[EventCountry "SLO"]
[SourceTitle "EXT 2024"]
[Source "ChessBase"]
[SourceDate "2023.10.10"]
[SourceVersion "1"]
[SourceVersionDate "2023.10.10"]
[SourceQuality "1"]
[WhiteTeam "Komenda Pogi"]
[BlackTeam "Crni Graben"]
[WhiteTeamCountry "SLO"]
[BlackTeamCountry "SLO"]

1. e4 c5 2. Nf3 e6 3. d4 cxd4 4. Nxd4 Nc6 5. Nc3 Qc7 6. Be3 a6 7. f3 Nf6 8. Qd2 Be7 9. g4 b5 10. Bg2 Bb7 11. 0-0-0 Ne5 12. Bf4 d6 13. Bxe5 dxe5 14. Nb3 0-0 15. h4 b4 16. Ne2 Rac8 17. Kb1 a5 18. Rc1 a4 19. Na1 Rfd8 20. Qe1 Ba6 21. Ng3 Qb6 22. Bf1 a3 23. b3 Bxf1 24. Rxf1 Qd4 25. c3 Qd3+ 26. Rc2 Rxc3 27. Qe2 Rxc2 28. Qxc2 Qd4 29. g5 Ne8 30. Ne2 Qe3 31. Nc1 Rd2 32. Qxd2 Qxd2 33. Rf2 Qxf2 0-1

[Event "EU-ch Hybrid U14"]
[Site "Tornelo INT"]
[Date "2021.10.15"]
[Round "6"]
[White "Baghirov, Orkhan"]
[Black "Cimperman, Teo"]
[Result "1-0"]
[WhiteElo "1413"]
[BlackElo "1613"]
[PlyCount "107"]
[EventDate "2021.10.15"]
[EventType "swiss"]
[EventRounds "9"]
[EventCountry "NET"]
[SourceTitle "EXT 2023"]
[Source "ChessBase"]
[SourceDate "2022.10.05"]
[SourceVersion "1"]
[SourceVersionDate "2022.10.05"]
[SourceQuality "1"]
[WhiteTeam "Azerbaijan"]
[BlackTeam "Slovenia"]
[WhiteTeamCountry "AZE"]
[BlackTeamCountry "SLO"]

1. d4 Nf6 2. Nf3 g6 3. g3 Bg7 4. Bg2 0-0 5. 0-0 d5 6. c3 c6 7. Nbd2 Bf5 8. Nh4 Be6 9. e4 dxe4 10. Nxe4 Bd5 11. Qe2 Nbd7 12. Bf4 Nb6 13. Rfe1 Nxe4 14. Bxe4 Bf6 15. Nf3 e6 16. Bd3 Re8 17. Ne5 Nd7 18. c4 c5 19. cxd5 exd5 20. Qg4 Bxe5 21. dxe5 c4 22. Bc2 Nc5 23. Be3 Ne6 24. Rad1 Qa5 25. a3 Rad8 26. Bd4 Qb5 27. h4 h5 28. Qe2 Nxd4 29. Rxd4 Qxb2 30. Red1 Qb5 31. f4 Qa5 32. Qf3 Qc5 33. Kh2 Re6 34. f5 Ra6 35. fxg6 fxg6 36. Rxd5 Rf8 37. Rxc5 Rxf3 38. Rd7 Rc6 39. Rxc6 bxc6 40. Bxg6 Rxa3 41. e6 c3 42. e7 Ra2+ 43. Kh3 Re2 44. Rd8+ Kg7 45. e8Q Rxe8 46. Rxe8 Kxg6 47. Re3 c2 48. Rc3 a5 49. Rxc2 a4 50. Rxc6+ Kf5 51. Ra6 a3 52. Rxa3 Ke4 53. g4 Ke5 54. g5 1-0

[Event "EU-ch Hybrid U14"]
[Site "Tornelo INT"]
[Date "2021.10.15"]
[Round "1"]
[White "Cimperman, Teo"]
[Black "Vagman, Roy"]
[Result "0-1"]
[WhiteElo "1613"]
[BlackElo "2070"]
[PlyCount "112"]
[EventDate "2021.10.15"]
[EventType "swiss"]
[EventRounds "9"]
[EventCountry "NET"]
[SourceTitle "EXT 2023"]
[Source "ChessBase"]
[SourceDate "2022.10.05"]
[SourceVersion "1"]
[SourceVersionDate "2022.10.05"]
[SourceQuality "1"]
[WhiteTeam "Slovenia"]
[BlackTeam "Israel"]
[WhiteTeamCountry "SLO"]
[BlackTeamCountry "ISR"]

1. e4 c5 2. Nf3 d6 3. d4 cxd4 4. Nxd4 Nf6 5. Nc3 Nc6 6. Be3 Ng4 7. Bb5 Nxe3 8. fxe3 Bd7 9. 0-0 e6 10. Qe2 Ne5 11. Bxd7+ Qxd7 12. Nf3 Be7 13. Rad1 Nxf3+ 14. Rxf3 Qc6 15. Rg3 Bf6 16. Nb5 Be5 17. Rf3 a6 18. Nc3 b5 19. Qd3 Rc8 20. Qf1 0-0 21. Rd2 b4 22. Nd1 Qxe4 23. Qxa6 Rxc2 24. Rff2 Rxd2 25. Rxd2 Bxh2+ 26. Kf1 Bg3 27. Rd4 Qf5+ 28. Ke2 Be5 29. Rd2 Qe4 30. Kf1 f5 31. Rf2 h5 32. Qe2 Bg3 33. Rf3 Qh4 34. Qd2 Qh1+ 35. Ke2 Qxg2+ 36. Nf2 Bxf2 37. Rxf2 Qg4+ 38. Kf1 Qc4+ 39. Kg1 Rf6 40. Rg2 e5 41. Qd1 Qe4 42. Qxh5 Qxe3+ 43. Kf1 Qc1+ 44. Kf2 Qxb2+ 45. Kf1 Qb1+ 46. Kf2 Qxa2+ 47. Kg1 Qf7 48. Qg5 b3 49. Qc1 Rg6 50. Qc8+ Kh7 51. Rxg6 Qxg6+ 52. Kh2 b2 53. Qc2 Qh5+ 54. Kg1 Qg4+ 55. Kh2 Qh4+ 56. Kg2 Qe4+ 0-1

[Event "SLO-chT Central 22nd"]
[Site "Slovenia"]
[Date "2021.09.23"]
[Round "2.2"]
[White "Sfiligoj, Anze"]
[Black "Cimperman, Teo"]
[Result "1/2-1/2"]
[WhiteElo "1728"]
[BlackElo "1623"]
[PlyCount "148"]
[EventDate "2021.09.16"]
[EventType "team-tourn"]
[EventRounds "7"]
[EventCountry "SLO"]
[SourceTitle "EXT 2024"]
[Source "ChessBase"]
[SourceDate "2023.10.10"]
[SourceVersion "1"]
[SourceVersionDate "2023.10.10"]
[SourceQuality "1"]
[WhiteTeam "Ljubljana SK"]
[BlackTeam "Komenda Pogi"]
[WhiteTeamCountry "SLO"]
[BlackTeamCountry "SLO"]

1. e4 c5 2. Nf3 Nc6 3. d4 cxd4 4. Nxd4 g6 5. Be3 Bg7 6. Nc3 Nf6 7. f3 0-0 8. Qd2 d5 9. Nxc6 bxc6 10. Rd1 Be6 11. Bh6 Bxh6 12. Qxh6 Qb6 13. b3 Qb4 14. Qe3 Rfd8 15. Rd4 Qb6 16. Na4 Qa5+ 17. Qc3 Qxc3+ 18. Nxc3 dxe4 19. Rxd8+ Rxd8 20. Nxe4 Nd5 21. Bd3 Nf4 22. 0-0 Nxd3 23. Rd1 Bf5 24. Rxd3 Rxd3 25. cxd3 Kf8 26. Kf2 e5 27. Ke3 Ke7 28. b4 h6 29. d4 Ke6 30. g4 Bxe4 31. fxe4 f5 32. gxf5+ gxf5 33. exf5+ Kxf5 34. dxe5 Kxe5 35. a4 a6 36. a5 h5 37. h4 Kf5 38. Kd4 Kg4 39. Kc5 Kxh4 40. Kxc6 Kg5 41. b5 h4 42. b6 h3 43. b7 h2 44. b8Q h1Q+ 45. Kb6 Qh6+ 46. Ka7 Qc6 47. Qb6 Qc8 48. Qb7 Qc4 49. Qb6 Kf5 50. Kb7 Qd5+ 51. Kxa6 Qa8+ 52. Kb5 Qe8+ 53. Kc4 Qa4+ 54. Qb4 Qa2+ 55. Kb5 Qe2+ 56. Qc4 Qe8+ 57. Kb4 Qe1+ 58. Kb5 Qe8+ 59. Qc6 Qe2+ 60. Kb6 Qd2 61. a6 Qd8+ 62. Kb7 Qe7+ 63. Kc8 Qf8+ 64. Kc7 Qa3 65. Qd5+ Kg4 66. Qd4+ Kh3 67. a7 Qa5+ 68. Qb6 Qe5+ 69. Kb7 Qd5+ 70. Qc6 Qb3+ 71. Kc8 Qg8+ 72. Kc7 Qg3+ 73. Qd6 Qc3+ 74. Kd7 Qg7+ 1/2-1/2

[Event "Otocec Krka Terme op"]
[Site "Otocec"]
[Date "2021.07.10"]
[Round "9"]
[White "Cimperman, Teo"]
[Black "Piskar, Rihard"]
[Result "1-0"]
[WhiteElo "1608"]
[BlackElo "1549"]
[PlyCount "105"]
[EventDate "2021.07.03"]
[EventType "swiss"]
[EventRounds "9"]
[EventCountry "SLO"]
[SourceTitle "CBM 203 Extra"]
[Source "ChessBase"]
[SourceDate "2021.09.30"]
[SourceVersion "1"]
[SourceVersionDate "2021.09.30"]
[SourceQuality "1"]

1. e4 d6 2. d4 Nf6 3. Nc3 g6 4. Nf3 Bg7 5. Bc4 c6 6. 0-0 0-0 7. e5 dxe5 8. dxe5 Qxd1 9. Rxd1 Ng4 10. Bf4 Bf5 11. h3 Nh6 12. Rd2 b5 13. Bd3 Bxd3 14. Rxd3 Na6 15. Rd7 Rfe8 16. a3 Nc5 17. Rd2 Rad8 18. Rad1 Ne6 19. Bh2 Rxd2 20. Rxd2 Rd8 21. Rxd8+ Nxd8 22. Nd4 a6 23. b4 e6 24. Ne4 Kf8 25. Nc5 Ke7 26. Nxa6 f6 27. f4 Nf5 28. Nxf5+ gxf5 29. Nb8 h5 30. Kf2 h4 31. Ke3 fxe5 32. fxe5 Kf7 33. Bf4 Kg6 34. c3 Bf8 35. Nd7 Be7 36. Kd4 Kf7 37. c4 c5+ 38. Nxc5 Nc6+ 39. Kc3 Bxc5 40. bxc5 bxc4 41. Kxc4 Ke7 42. Bg5+ Kd7 43. Bf6 Kc7 44. a4 Kb7 45. Bxh4 Nxe5+ 46. Kb5 f4 47. Bg5 f3 48. gxf3 Nxf3 49. Be3 e5 50. a5 e4 51. a6+ Ka8 52. c6 Nd2 53. c7 1-0